01255 2200217 4500001002100000005001500021008004100036020001800077035001900095041000800114082001200122084001800134100002400152245005500176250000600231260004300237300002400280520065100304650003600955650004600991INLIS00000000000191120200508201647200508||||||||| | ||| |||| ||eng|| a983-2631-04-1 0010-0520001911 aeng0 a343.595 a343.595/SUB/A0 aArjunan Subramaniam00aArjunan On Malaysian revenue Laws : Case Law 07528 a1 aSelangorbSweet and Maxwell Asiac2005 a2373p.;24 cmc24 cm aThis publication is an invaluable repository of revenue law source materials which will be welcomed by tax practitioners. Covering the entire breadth of Malaysian revenue law, it is a comprehensive source of information needed by tax professionals. The looseleaf format of this publication ensures that it can be regularly updated to bring to readers new information in the dynamic field of revenue law. Arjunan on Malaysian Revenue Laws will be updated twice annually and supplemented with an annual Budget Commentary. This volume (4) contains more than a hundred case law related to Malaysian Revenue Laws subjected cases alpahabetic A until K. 0aInternal Revenue Law - Malaysia 0aTaxation - Law And Legislation - Malaysia